Royal society its origins and founders (Record no. 18528)
[ view plain ]
| 000 -LEADER | |
|---|---|
| fixed length control field | 00424nam a22001337a 4500 |
| 008 - FIXED-LENGTH DATA ELEMENTS--GENERAL INFORMATION | |
| fixed length control field | 230405b |||||||| |||| 00| 0 eng d |
| 040 ## - CATALOGING SOURCE | |
| Original cataloging agency | National Science Library |
| Transcribing agency | National Science Library |
| 080 ## - UNIVERSAL DECIMAL CLASSIFICATION NUMBER | |
| Universal Decimal Classification number | 061.2(09)(42) |
| Item number | K0 |
| 245 ## - TITLE STATEMENT | |
| Title | Royal society its origins and founders |
| Statement of responsibility, etc. | / The Royal Society |
| 260 ## - PUBLICATION, DISTRIBUTION, ETC. | |
| Place of publication, distribution, etc. | London: |
| Name of publisher, distributor, etc. | The Royal Society, |
| Date of publication, distribution, etc. | 1960 |
| 300 ## - PHYSICAL DESCRIPTION | |
| Extent | 271p. |
| 700 ## - ADDED ENTRY--PERSONAL NAME | |
| Personal name | Hartley, Horold (Ed. ) |
| 942 ## - ADDED ENTRY ELEMENTS (KOHA) | |
| Source of classification or shelving scheme | Universal Decimal Classification |
| Koha item type | Books |
| Withdrawn status | Lost status | Source of classification or shelving scheme | Damaged status | Not for loan | Home library | Current library | Shelving location | Date acquired | Total Checkouts | Full call number | Barcode | Date last seen | Price effective from | Koha item type |
|---|---|---|---|---|---|---|---|---|---|---|---|---|---|---|
| Universal Decimal Classification | National Science Library | National Science Library | GF/Rk-4/C-23/R-2 | 25/06/2004 | 061.2(09)(42) K0 | 184247 | 05/04/2023 | 25/06/2004 | Books |